000 01172nmc a2200349 a 4500
003 AR-BaBNM
005 20251128204302.0
008 231020s1970 ||||||||||||||000 | spa||
040 _cAR-BaBNM
100 1 _aFreire, Paulo
245 1 0 _aLa educación como práctica de la libertad
260 _aSantiago de Chile
_bICIRA
_bFAO
_bNaciones Unidas
_c1970
300 0 _a136 p.
_bil.
490 0 _aPublicaciones de ICIRA
_vv. 15
500 0 _aICIRA: INSTITUTO DE CAPACITACION E INVESTIGACION EN REFORMA AGRARIA
500 0 _aFAO: ORGANIZACION DE LAS NACIONES UNIDAS PARA LA ALIMENTACION Y LA AGRICULTURA
500 1 _aContiene una introducción cuyo autor es Weffort, Francisco
504 _aContiene bibliografía en notas: p. 127-136
585 _aExpuesto en: Feria del Libro 2006
650 4 _aALFABETIZACION
650 4 _aTECNICAS DE ENSENANZA
650 4 _aEDUCACION DE ADULTOS
650 4 _aDEMOCRATIZACION DE LA EDUCACION
650 4 _aANALFABETISMO
650 4 _aALFABETIZADORES
651 4 _aBrasil
653 0 _aLECTOESCRITURA
653 0 _aEDUCACION POPULAR
700 1 _aCorvalán, Antonio
_eprologuista
942 _cBK
998 _cSILVI
999 _c6864
_d6864